logo

Bir Sreshtho Munshi Abdur Rouf Library
Jhenaidah Cadet College

English proverbs explained / (Record no. 8816)

MARC details
000 -LEADER
fixed length control field 00720nam a2200277 4500
001 - CONTROL NUMBER
JCCL Control Number 8816
003 - CONTROL NUMBER IDENTIFIER
JCCL marc code BD-JhCC
005 - DATE AND TIME OF LATEST TRANSACTION
control field 20180709120917.0
008 - FIXED-LENGTH DATA ELEMENTS--GENERAL INFORMATION
fixed length control field 700409s1969 enk 001 0 eng
020 ## - INTERNATIONAL STANDARD BOOK NUMBER
International Standard Book Number 0330023284
035 ## - SYSTEM CONTROL NUMBER
system control number (BD-JhCC)8816
040 ## - CATALOGING SOURCE
Original cataloging agency DLC
Transcribing agency DLC
Modifying agency DLC
-- BD-JhCC
041 ## - LANGUAGE CODE
Language code of Book eng
050 00 - LIBRARY OF CONGRESS CALL NUMBER
Classification number PN6421
Item number .R5 1969
082 00 - DEWEY DECIMAL CLASSIFICATION NUMBER
Classification number 398.9/2
Author mark and Year RID 1969
100 1# - MAIN ENTRY--PERSONAL NAME
Personal name Ridout, Ronald.
245 10 - TITLE STATEMENT
Title English proverbs explained /
Statement of responsibility, etc Ronald Ridout and Clifford Witting.
260 ## - PUBLICATION, DISTRIBUTION, ETC. (IMPRINT)
Place of publication, distribution, etc London,
Name of publisher, distributor, etc Pan Books,
Date of publication, distribution, etc 1969.
300 ## - PHYSICAL DESCRIPTION
Pagination 223 p.
Dimensions 18 cm.
350 ## - PRICE (NR) (BK AM CF MU VM SE) [OBSOLETE]
Price 5/-
490 0# - SERIES STATEMENT
Series statement Pan piper
650 #0 - SUBJECT ADDED ENTRY--TOPICAL TERM
Topical term or geographic name as entry element Proverbs, English.
700 1# - ADDED ENTRY--PERSONAL NAME
Personal name Witting, Clifford,
942 ## - ADDED ENTRY ELEMENTS (KOHA)
Source of classification or shelving scheme Dewey Decimal Classification
Koha item type Books
Holdings
Source of classification or shelving scheme Damaged status Not for loan Home library Current library Shelving location Total Checkouts Full call number Barcode Date last seen Copy number Koha item type
Dewey Decimal Classification     JCC Rouf Library JCC Rouf Library General Stacks   398.9/2 RID 1969 11444 03/04/2018 C - 1 Books
Dewey Decimal Classification     JCC Rouf Library JCC Rouf Library General Stacks   398.9/2 RID 1969 11435 03/05/2018 C - 2 Books

JCC Library | Contacts | JCC Home

Last Update on 23 September 2017
Copyright @ 2017-2020 JCC Rouf Library
Rouf Library, Jhenidah Cadet College (JCC), Bangladesh